Billboard Hot 100 (04/08/2023) with Total Spotify Streams - Statistics

General Stats
  • This quiz has been taken 3 times
  • The average score is 17 of 125
Answer Stats
Artist(s) Title Total Spotify Streams as of 04/04/2023 % Correct
Miley Cyrus Flowers 827.1M
100%
Taylor Swift Anti-Hero 719M
67%
PinkPantheress / Ice Spice Boy's a liar Pt. 2 286.5M
67%
SZA Kill Bill 749.8M
67%
Luke Combs 5 Leaf Clover 14.1M
33%
Harry Styles As It Was 2.1B
33%
ROSALÍA / Rauw Alejandro BESO 47.1M
33%
Morgan Wallen / ERNEST Cowgirls 20.4M
33%
Metro Boomin / The Weeknd / 21 Savage Creepin' 536.2M
33%
Tyler Hubbard Dancin' In The Country 26.7M
33%
The Weeknd / Ariana Grande Die For You 220.6M
33%
Tyler, The Creator DOGTOOTH 13.8M
33%
Hozier Eat Your Young 26.1M
33%
Morgan Wallen Everything I Love 46.2M
33%
Luke Combs Fast Car 9.3M
33%
Dierks Bentley Gold 22.9M
33%
Luke Combs Growin' Up and Gettin' Old 24.9M
33%
Lainey Wilson Heart Like A Truck 61.2M
33%
Cody Johnson Human 47.7M
33%
David Guetta / Bebe Rexha I'm Good 846.5M
33%
Morgan Wallen I Wrote The Book 45.1M
33%
Lil Uzi Vert Just Wanna Rock 316.1M
33%
Summer Walker Karma 77.7M
33%
Morgan Wallen Last Night 155.5M
33%
Luke Combs Love You Anyway 41.9M
33%
Old Dominion Memory Lane 20.7M
33%
Meghan Trainor Mother 19.2M
33%
Bizarrap / Shakira Music Sessions, Vol. 53 498.9M
33%
Jelly Roll Need A Favor 9.4M
33%
Jordan Davis Next Thing You Know 48.6M
33%
Sabrina Carpenter Nonsense 196.2M
33%
Morgan Wallen One Thing At A Time 78.2M
33%
Coi Leray Players 178.8M
33%
Drake / 21 Savage Rich Flex 436.7M
33%
NLE Choppa SLUT ME OUT 71.4M
33%
Zach Bryan Something in the Orange 333.7M
33%
Drake / 21 Savage Spin Bout U 126.4M
33%
Metro Boomin / Future / Chris Brown Superhero 256.2M
33%
Megan Moroney Tennessee Orange 62.3M
33%
Morgan Wallen Thinkin' Bout Me 35M
33%
Morgan Wallen Thought You Should Know 144.6M
33%
Metro Boomin / Travis Scott / Young Thug Trance 113.7M
33%
Sam Smith / Kim Petras Unholy 1B
33%
Corey Kent Wild as Her 81.1M
33%
Justin Moore / Priscilla Block You, Me, And Whiskey 11.6M
33%
Morgan Wallen You Proof 254.1M
33%
Peezy 2 Million Up 30.4M
0%
Morgan Wallen '98 Braves -
0%
NLE Choppa / Lil Wayne AIN'T GONNA ANSWER 4.1M
0%
Morgan Wallen Ain't That Some 30.9M
0%
Taylor Swift All Of The Girls You Loved Before 53.2M
0%
Natanael Cano / Peso Pluma / Gabito Ballesteros AMG 224M
0%
Fuerza Regida / Grupo Frontera Bebe Dame 206.1M
0%
Lady Gaga Bloody Mary 288.4M
0%
Keith Urban Brown Eyes Baby 23.3M
0%
Rema / Selena Gomez Calm Down 586.8M
0%
Lizzy McAlpine ceilings 153.6M
0%
Fuerza Regida / Natanael Cano Ch y la Pizza 134.2M
0%
Eladio Carrion / Bad Bunny Coco Chanel 50.6M
0%
Beyoncé CUFF IT 465M
0%
FIFTY FIFTY Cupid 46.8M
0%
Zach Bryan / Maggie Rogers Dawns 35.4M
0%
Chino Pacas / Fuerza Regida Dijeron Que No La Iba A Lograr 28.3M
0%
Grupo Marca Registrada / Grupo Frontera Di Que Si 52.4M
0%
Lola Brooke / Latto / Yung Miami Don't Play With It 961.7K
0%
Morgan Wallen Dying Man -
0%
Junior H / Peso Pluma El Azul 69.7M
0%
Chino Pacas El Gordo Trae El Mando 92.2M
0%
Eslabon Armado / Peso Pluma Ella Baila Sola 69.9M
0%
Marshmello / Manuel Turizo El Merengue 51.4M
0%
RAYE / 070 Shake Escapism. 358.7M
0%
Ed Sheeran Eyes Closed 25.1M
0%
Toosii Favorite Song 28.4M
0%
Linkin Park Fighting Myself 9.5M
0%
Lil Baby / Fridayy Forever 43M
0%
Luke Combs Going, Going, Gone 66.6M
0%
JVKE golden hour 520.3M
0%
Parker McCollum Handle On You 41.5M
0%
Luke Combs Hannah Ford Road -
0%
Niall Horan Heaven 67.7M
0%
Dean Lewis How Do I Say Goodbye 217.2M
0%
Coco Jones ICU 12.1M
0%
Fuerza Regida / Peso Pluma Igualito a Mi Apá 45.4M
0%
BUBBLING UNDER: Kanii I Know 7.5M
0%
Ice Spice In Ha Mood 68.4M
0%
Scotty McCreery It Matters To Her 21M
0%
Brent Faiyaz JACKIE BROWN 56.9M
0%
Yng Lvcas / Peso Pluma La Bebe 48.9M
0%
Paris Paloma labour 9.1M
0%
Taylor Swift Lavender Haze 353.6M
0%
Jimin Like Crazy 40.3M
0%
The Kid LAROI Love Again 99.8M
0%
SZA Low 178.8M
0%
Lil Baby Low Down 67.9M
0%
Morgan Wallen / Eric Church Man Made A Bar 23M
0%
Kali Uchis Moonlight 41.7M
0%
SZA Nobody Gets Me 198.8M
0%
Superstar Pride PAINTING PICTURES 65.5M
0%
Libianca People 153.3M
0%
Peso Pluma Por las Noches 126M
0%
Peso Pluma / Natanael Cano PRC 162.3M
0%
Carin Leon / Grupo Frontera Que Vuelvas 189M
0%
Nicki Minaj Red Ruby Da Sleeze 34.1M
0%
Miley Cyrus River 45.8M
0%
Bailey Zimmerman Rock and A Hard Place 185.4M
0%
Luke Combs See Me Now -
0%
SZA Shirt 239.2M
0%
SZA Snooze 215.1M
0%
Lizzo / SZA Special 28.3M
0%
Luke Combs Still -
0%
Morgan Wallen Sunrise -
0%
Miguel Sure Thing 791.3M
0%
Kane Brown / Katelyn Brown Thank God 66.3M
0%
Juice WRLD The Light 10.4M
0%
KAROL G / Shakira TQG 265M
0%
Chris Brown Under The Influence 768.6M
0%
Stephen Sanchez Until I Found You 598.4M
0%
HARDY / Lainey Wilson wait in the truck 54.7M
0%
Lil Uzi Vert / sped up nightcore / ARIZONATEARS Watch This 90.5M
0%
Sam Hunt Water Under The Bridge 22.1M
0%
Carly Pearce What He Didn't Do 69.7M
0%
Luke Combs Where the Wild Things Are -
0%
Morgan Wallen Whiskey Friends -
0%
Yandel / Feid Yandel 150 310.5M
0%
Luke Combs You Found Yours -
0%
No matching quizzes found
Score Distribution
Percent of People with Each Score
Percentile by Number Answered
Your Score History
You have not taken this quiz